02362cam a22004457a 450000100090000000300050000900500170001400800410003101000170007201600200008902000180010902000150012703500240014204000560016604200240022205000230024606000150026906000240028408200150030808400150032310000240033824501360036226001150049830000350061350400640064850507390071265000250145165000260147665000240150265000260152665000250155265000320157765000240160965000260163365000240165994200120168399900190169595201010171495201010181514937960CEME20210628201558.0070723s2007 enka b 001 0 eng d a 20072773357 a1013080122DNLM a9781860946776 a1860946771 a(OCoLC)ocn123378530 aNLMcNLMdRVEdBAKERdYDXCPdBTCTAdCUSdNLGGCdDLC anlmcopycalccopycat00aQP514.2b.G39 200700a2007 F-64610aQT 36.5bG289p 200700a610.28222 a58.302bcl1 aGazit, Ehud.95591710aPlenty of room for biology at the bottom, an introduction to bionanotechnologyban introduction to bionanotechnology /cEhud Gazit. aLondon :bImperial College Press ;aHackensack, NJ :bDistributed by World Scientific Pub. in the USA,cc2007. axiii, 183 p. :bill. ;c24 cm. aIncludes bibliographical references (p. 171-179) and index.0 aIntroduction : nanotechnology and bionanotechnology -- Brief introduction to nanotechnology -- Natural biological assembly at the nano-scale -- Nanomeric biological assemblies -- Molecular recognition and the formation of biological structures -- Self-assembly of biological and bio-inspired nano-materials -- Application of biological assemblies in nanotechnology -- Medical and other applications of bionanotechnology -- Future prospects for nanobiotechnology and bionanotechnology -- Concluding remarks -- Appendix A : There's plenty of room at the bottom: an invitation to enter a new field of physics / by Richard P. Feynman -- Appendix B : List of bionanotechnolgical and nanobiotechnological companies -- Appendix C : Glossary.12aBiotechnology.9244712aNanotechnology.9282622aNanomedicine.9732822aNanostructures.93334 0aBiotechnology.92447 0aBiomimetic materials.92828 0aBiomolecules.92557 0aNanotechnology.92826 0aBiomimetics.955918 2ddccBK c566526d566526 00102ddc4070aCEMEbCEMEcGENd2017-03-13l0o572 GAZpCEME-47431r2021-06-28w2021-06-28yBK 00102ddc4070aCEMEbCEMEcGENd2017-03-13l0o572 GAZpCEME-47430r2021-06-28w2021-06-28yBK